000 00829nam a2200241Ia 4500
003 OSt
005 20220923223445.0
006 a|||||r|||| 00| 0
007 ta
008 220922b |||||||| |||| 00| 0 hin d
024 _a216,006
037 _cTextual
040 _aARTS
_cARTS
_bhin
041 _2hin
_ahin
082 _aR6:g, 152M4;N6
100 _aसिन्हा, हरेन्द्र प्रसाद
245 0 _aभारतीय दर्शन की रुपरेखा
246 _aBhāratīya darshan kī ruparekhā
260 _aदिल्ली
_b मोतीलाल बनारसीदास
_c1996
300 _a355 पृ.
_ccm.
942 _hR6:g, 152M4;N6
_cTEXL
_2CC
999 _c365450
_d365450